| 000 | 00669nac a22001931u 4500 | ||
|---|---|---|---|
| 008 | 090709t xxu||||| |||| 00| 0 eng d | ||
| 020 | _a8170081475 | ||
| 020 | _a8170081475 | ||
| 082 |
_a620.11 _bB2196 |
||
| 100 |
_aBansal, R. K. _97854 |
||
| 245 |
_aA textbook of strength of materials / _cR.K. Bansal. |
||
| 250 | _a1st ed. | ||
| 260 |
_aNew Delhi : _bLaxmi Publications, _c2003. |
||
| 300 |
_a1076 p.: _bill. ; _c24 cm. |
||
| 500 | _aIncludes index. | ||
| 650 |
_aMaterials. _97855 |
||
| 942 |
_cBB _k620.11B2196 _2ddc |
||
| 999 |
_c845 _d845 |
||